000 00831nam a2200265Ia 4500
003 OSt
005 20221006155752.0
006 a|||||r|||| 00| 0
007 ta
008 221006b |||||||| |||| 00| 0 eng d
024 _a43,456
037 _cTextual
040 _aEASL
_cEASL
_beng
041 _2eng
_aeng
082 _aNW495, Q2
100 _aKoream film Archive Ed.
_9670321
245 0 _aWomen on Screen
_b Understanding Korean Society and Women through film =Yeonghwawa Yeoseong
260 _aSeoul
_bKorean Film Archive Korea
_c2012
300 _a247p. CD - 8
_ccm.
490 _v1 : Bound by Chastity
500 _aIt is English translation of Yeonghwawa Yeoseong; Accompanying CD - 8
650 _aKEL
942 _hNW495, Q2
_cTEXL
_2CC
999 _c1111542
_d1111542